000
00311nam a22001337a 4500
003
SGT
020
_a
9789349202795
082
_a
371.3,YAD
100
_a
YADAV, PRIYANKA
245
_a
LEARNING TEACHING AND ASSESSMENT
260
_a
NEW DELHI
_b
V. R BOOK INTERNATIONAL
_c
2025
300
_a
262
942
_2
ddc
_c
BK
999
_c
33233
_d
33233